000 00343nam a2200133 i 4500
001 bg
100 1 _aLEKKI, Janusz
245 0 _aFizykochemiczne podstawy flotowalności minerałów siarczkowych /
_cJanusz Lekki.
260 _aWrocław,
_c1979.
040 _cBPK
041 _apol
942 _cKS
008 s pl f |000 0 pol
999 _c18785
_d18785
856 _uhttp://koha.tu.koszalin.pl/cgi-bin/koha/opac-detail.pl?biblionumber=18785
_yKatalog online BPK